Chlapčisko Vlado. /Bednár, Vladimír/

Bibliographic Details
Main Author: Hivešová-Šilanová, Daniela, 1952-2008 (Author)
Format: Article
Language:Slovak
PhysicalDescription:Fot. 1.
Subjects:

MARC

LEADER 00000nab a2200000 a 4500
001 vtls000121902
003 SK-MaSNL
005 20260303032738.0
008 160215c1982 xo 0 slo
015 |a SNBRB19rr/mm-uuuuu 
035 |a CL0132007 
040 |a SNKBUCL  |b slo  |c SNKBUCL  |e AACR2 
041 0 |a slo 
044 |a xo  |c SK 
080 |a 82:929:885.4  |2 1981 
080 |a 885.4  |2 1981 
080 |a 929  |2 1981 
080 |a 929 Bednár, Vlado  |2 1981 
100 1 |a Hivešová-Šilanová, Daniela,  |d 1952-2008  |4 aut  |9 106474 
245 1 0 |a Chlapčisko Vlado. /Bednár, Vladimír/  |c Daniela Hivešová-Šilanová 
300 |b Fot. 1. 
600 1 7 |a Bednár, Vlado,  |d 1941-1984  |2 snkbucl  |9 85443 
655 7 |a články z novín a časopisov  |2 snkbucl  |9 267496 
655 7 |a články z odboru literárna veda a krásna literatúra  |2 snkbucl  |9 770045 
773 0 |t Kamarát  |g Roč. 14, č. 41 (1982), s. 8 
850 |a Slovenská národná knižnica v Martine  |a MTA001 
852 |a SNK  |b KIS3GCP 
958 |a BX 
958 |a RK 
958 |a LX 
992 |a RBX 
999 |c 1666522  |d 1668452